| 000 | 01109nam a22003137a 4500 | ||
|---|---|---|---|
| 003 | CHAP | ||
| 005 | 20220329135120.0 | ||
| 008 | 971013s1976 r 00010 d | ||
| 010 | _a31179 | ||
| 011 | _a32151 | ||
| 035 | _a36264 | ||
| 040 | _cCHAP | ||
| 090 | _aTesis | ||
| 100 | 0 | 0 |
_aMárquez Figueroa, José Antonio. _976309 |
| 245 | _aPrueba de la especialidad del metabolito tóxico producido por el hongo Phymatotrichum omnivorum (Shear) Duggar, bajo condiciones de laboratorio | ||
| 260 |
_a(Monterrey, N.L.) : _bEL autor, _c1976 |
||
| 300 | _a58 h | ||
| 502 | _aTesis (Ing. Agónomo Fitotecnista) -- ITESM. Div. de Ciencias Agropecuarias y Marítimas | ||
| 590 |
_aALEPH _b10 _c20130110 _lUCH01 _h1253 |
||
| 590 |
_aBATCH-UPD _b10 _c20130110 _lUCH01 _h1354 |
||
| 590 |
_aBATCH-UPD _b10 _c20130410 _lUCH01 _h0849 |
||
| 590 |
_aBATCH-UPD _b10 _c20130914 _lUCH01 _h1620 |
||
| 590 |
_aCONVERSION _b10 _c20130109 _lUCH01 _h1318 |
||
| 650 | 1 | 4 |
_aHongos fitopatógenos. _956132 |
| 650 | 1 | 4 |
_aHongos _xExcreciones tóxicas. _956100 |
| 901 | _aBK | ||
| 942 | _cTESIS | ||
| 949 |
_bBC _cTES _d-83667 _eTS1 _i36264 _si |
||
| 999 |
_c31179 _d31179 |
||